[Event "7. Festival Benidorm 2008 - Sub-2000"]
[Site "Benidorm ESP"]
[Date "2008.11.29"]
[Round "1.1"]
[White "Martinez Rubi, Alberto"]
[Black "Loayza, Joshua"]
[Result "1-0"]
[WhiteElo "1999"]
[BlackElo "1829"]
[PlyCount "31"]
[EventDate "2008.11.29"]
[EventRounds "9"]
[EventCountry "ESP"]
[Source "lmi"]
[SourceDate "2008.11.29"]

1. e4 e6 2. d4 c5 3. Nf3 h6 4. Nc3 cxd4 5. Nxd4 Bb4 6. a3 Bxc3+ 7. bxc3 a6 8.
Bd3 Ne7 9. Qg4 e5 10. Qxg7 Ng6 11. Nf5 d6 12. Bc4 Rf8 13. Bxh6 Qc7 14. O-O b5
15. Bd5 Ra7 16. Nh4 1-0

[Event "7. Festival Benidorm 2008 - Sub-2000"]
[Site "Benidorm ESP"]
[Date "2008.11.29"]
[Round "1.2"]
[White "Castello Castello, Juan Jose"]
[Black "Frey, Armin"]
[Result "0-1"]
[WhiteElo "1828"]
[BlackElo "1999"]
[PlyCount "77"]
[EventDate "2008.11.29"]
[EventRounds "9"]
[EventCountry "ESP"]
[Source "lmi"]
[SourceDate "2008.11.29"]

1. Nf3 f5 2. c4 Nf6 3. Nc3 e6 4. d4 Be7 5. e3 O-O 6. Bd3 d5 7. Qc2 Na6 8. a3 c5
9. O-O Ne4 10. Ne5 Nc7 11. Ne2 cxd4 12. Nxd4 Bd6 13. Ndf3 Qf6 14. cxd5 exd5 15.
Nc4 dxc4 16. Bxc4+ Be6 17. Bd3 Bd5 18. Nd4 Ne6 19. Bxe4 fxe4 20. Ne2 Qe5 21.
Ng3 Rac8 22. Qd2 Nc5 23. Qd4 Qxd4 24. exd4 Nb3 25. Rb1 Bxg3 26. hxg3 Bc4 27.
Be3 Bxf1 28. Kxf1 Rc2 29. Ke1 b6 30. Kd1 Rcxf2 31. Bxf2 Rxf2 32. Ke1 Rxg2 33.
Kf1 Rd2 34. Re1 Rxd4 35. Re3 Nc5 36. b4 Nd3 37. Kg2 Kf7 38. Re2 Kf6 39. Rc2 0-1

[Event "7. Festival Benidorm 2008 - Sub-2000"]
[Site "Benidorm ESP"]
[Date "2008.11.29"]
[Round "1.4"]
[White "De La Fuente Ortega, Alberto"]
[Black "Perez Gutierrez, Nauzet"]
[Result "1/2-1/2"]
[WhiteElo "1824"]
[BlackElo "1998"]
[PlyCount "96"]
[EventDate "2008.11.29"]
[EventRounds "9"]
[EventCountry "ESP"]
[Source "lmi"]
[SourceDate "2008.11.29"]

1. d4 Nf6 2. Bg5 e6 3. e4 c5 4. Bxf6 Qxf6 5. e5 Qd8 6. d5 exd5 7. Qxd5 Be7 8.
Nf3 Nc6 9. Bc4 O-O 10. O-O Rb8 11. Nc3 a6 12. a4 d6 13. exd6 Qxd6 14. Qxd6 Bxd6
15. Rad1 Be7 16. Nd5 Bg4 17. Nxe7+ Nxe7 18. Rfe1 Nc6 19. c3 h6 20. h3 Bxf3 21.
gxf3 Rfe8 22. Rxe8+ Rxe8 23. Kg2 g5 24. Rd6 Kg7 25. Bxa6 Ne5 26. Bb5 Rc8 27.
Rb6 Rc7 28. a5 Ng6 29. Rd6 Nh4+ 30. Kf1 Nxf3 31. Rd7 Rxd7 32. Bxd7 Nd2+ 33. Ke2
Nc4 34. Bc8 Nxa5 35. b4 cxb4 36. cxb4 Nc6 37. Bxb7 Nxb4 38. Kd2 Kf6 39. Kc3
Na2+ 40. Kb2 Nb4 41. Kc3 Na2+ 42. Kb2 Kf5 43. Kxa2 Kf4 44. Kb3 f5 45. Kc3 g4
46. hxg4 fxg4 47. Kd2 g3 48. fxg3+ Kxg3 1/2-1/2

[Event "7. Festival Benidorm 2008 - Sub-2000"]
[Site "Benidorm ESP"]
[Date "2008.11.29"]
[Round "1.5"]
[White "Leroux, Mathieu"]
[Black "Allabatre, Steeve"]
[Result "1-0"]
[WhiteElo "1996"]
[BlackElo "1824"]
[PlyCount "134"]
[EventDate "2008.11.29"]
[EventRounds "9"]
[EventCountry "ESP"]
[Source "lmi"]
[SourceDate "2008.11.29"]

1. e4 e5 2. Nc3 Nc6 3. Bc4 Bc5 4. d3 d6 5. h3 Nf6 6. Nf3 Be6 7. Bb3 h6 8. Na4
Bxb3 9. axb3 b5 10. Nxc5 dxc5 11. Be3 c4 12. bxc4 bxc4 13. O-O O-O 14. Qd2 Qd6
15. Ra6 Rfd8 16. Qc3 Qe6 17. b3 Rd6 18. Qxc4 Qxc4 19. bxc4 Nb4 20. Rxa7 Rxa7
21. Bxa7 Nxc2 22. Rc1 Nb4 23. Bb8 Nxd3 24. Bxc7 Nxc1 25. Bxd6 Nxe4 26. Bxe5 f6
27. Bd4 Kf7 28. Kf1 Ke6 29. Be3 Nb3 30. Ke2 Kd6 31. Nh4 Ke6 32. Kd3 Nbc5+ 33.
Kd4 g5 34. f3 gxh4 35. fxe4 Kd6 36. Bf4+ Kc6 37. Bxh6 Ne6+ 38. Kd3 Kc5 39. Be3+
Kd6 40. Bd2 Kc5 41. Bc1 Kb4 42. Be3 Kb3 43. c5 Kb4 44. c6 Kb5 45. c7 Nxc7 46.
Bf2 Ne6 47. Ke3 Ng7 48. Bxh4 f5 49. e5 Ne6 50. Bf6 Kc6 51. g3 Kd7 52. Kf3 Ke8
53. g4 fxg4+ 54. hxg4 Kf7 55. Ke4 Kg6 56. Kd5 Nf4+ 57. Kd6 Kf7 58. g5 Ke8 59.
e6 Ng6 60. e7 Nh4 61. Ke6 Ng6 62. Kf5 Nh4+ 63. Kg4 Ng6 64. Kh5 Nf4+ 65. Kh6 Kf7
66. Kh7 Nh5 67. g6+ Ke8 1-0

[Event "7. Festival Benidorm 2008 - Sub-2000"]
[Site "Benidorm ESP"]
[Date "2008.11.29"]
[Round "1.6"]
[White "Delicado Falco, Juan Pablo"]
[Black "Lopez Garcia, Francisco Andres"]
[Result "0-1"]
[WhiteElo "1823"]
[BlackElo "1995"]
[PlyCount "56"]
[EventDate "2008.11.29"]
[EventRounds "9"]
[EventCountry "ESP"]
[Source "lmi"]
[SourceDate "2008.11.29"]

1. d4 Nf6 2. c4 d6 3. Nc3 Nbd7 4. Nf3 e5 5. e3 c6 6. Bd3 Qc7 7. O-O Be7 8. Qc2
O-O 9. Ng5 h6 10. Nge4 Nxe4 11. Bxe4 Nf6 12. f4 Nxe4 13. Nxe4 exd4 14. exd4 Bf5
15. Qe2 Rfe8 16. g4 Bxe4 17. Qxe4 Bf6 18. Qd3 Qb6 19. Rd1 c5 20. dxc5 Qxc5+ 21.
Kg2 Rac8 22. g5 hxg5 23. fxg5 Bxg5 24. Bxg5 Qxg5+ 25. Kh1 Qf4 26. b3 Re3 27.
Qxd6 Re1+ 28. Kg2 Qxd6 0-1

[Event "7. Festival Benidorm 2008 - Sub-2000"]
[Site "Benidorm ESP"]
[Date "2008.11.29"]
[Round "1.7"]
[White "Garcia Lopez, Juan Antonio"]
[Black "Voet, Dirk"]
[Result "0-1"]
[WhiteElo "1994"]
[BlackElo "1823"]
[PlyCount "122"]
[EventDate "2008.11.29"]
[EventRounds "9"]
[EventCountry "ESP"]
[Source "lmi"]
[SourceDate "2008.11.29"]

1. e4 d6 2. d4 g6 3. f4 Bg7 4. Nf3 Nf6 5. Nc3 O-O 6. Bc4 Nxe4 7. Bxf7+ Rxf7 8.
Nxe4 Na6 9. c3 c6 10. Be3 Nc7 11. g3 Nd5 12. Bd2 Bg4 13. h3 Bd7 14. Qe2 b5 15.
O-O-O a5 16. Nfg5 Rf8 17. h4 Qc8 18. Nf2 c5 19. dxc5 dxc5 20. h5 h6 21. hxg6
Rf6 22. Nge4 Rxg6 23. Qd3 Qc6 24. Rh5 e6 25. Be3 c4 26. Qd2 b4 27. Bd4 bxc3 28.
Bxc3 Nxc3 29. Qxd7 Ne2+ 30. Kc2 Qxd7 31. Rxd7 Nxg3 32. Rc5 Nxe4 33. Nxe4 Rb8
34. Rxc4 Rxb2+ 35. Kd3 Rxa2 36. Rc8+ Kh7 37. Rf7 h5 38. Rcc7 Kh6 39. Ng5 Ra3+
40. Ke4 h4 41. Rc8 Kh5 42. Rc5 Kg4 43. Nxe6 Rxe6+ 44. Kd5 Rg6 45. f5 Rg5 46.
Rc4+ Kg3 47. Rc1 Ra2 48. Ke4 Rg4+ 49. Kd5 Rd2+ 50. Kc5 Bd4+ 51. Kb5 a4 52. Rc4
a3 53. Ra4 a2 54. Ra3+ Kg2 55. Rd7 h3 56. f6 h2 57. f7 Rf4 58. Ra8 Rb2+ 59. Kc4
Bg7+ 60. Kd3 h1=Q 61. f8=Q Qh3# 0-1

[Event "7. Festival Benidorm 2008 - Sub-2000"]
[Site "Benidorm ESP"]
[Date "2008.11.29"]
[Round "1.16"]
[White "Torregrosa Llul, Fernando"]
[Black "Amoros Moran, Jose Joaquin"]
[Result "1-0"]
[WhiteElo "1788"]
[BlackElo "1988"]
[PlyCount "111"]
[EventDate "2008.11.29"]
[EventRounds "9"]
[EventCountry "ESP"]
[Source "lmi"]
[SourceDate "2008.11.29"]

1. d4 Nf6 2. Nf3 g6 3. Bg5 Bg7 4. Nbd2 d6 5. c3 Nbd7 6. e4 e5 7. dxe5 Nxe5 8.
Nxe5 dxe5 9. Bc4 O-O 10. O-O h6 11. Be3 Qe7 12. f3 Be6 13. Qb3 Bxc4 14. Qxc4 b6
15. Rfd1 Rfd8 16. Qc6 Qd7 17. Qxd7 Rxd7 18. Nc4 Re8 19. Rxd7 Nxd7 20. Rd1 Nf8
21. Kf1 Ne6 22. g3 Kf8 23. Ke2 Ke7 24. Rd5 c6 25. Rd1 Rd8 26. Rxd8 Nxd8 27. a4
Nb7 28. a5 Nxa5 29. Nxa5 bxa5 30. Bxa7 a4 31. Kd3 Bf6 32. Be3 Kd7 33. Kc4 Be7
34. Bc5 Bg5 35. Kd3 h5 36. Bf8 Bc1 37. Kc2 Be3 38. Kd3 Bc1 39. Ba3 Bg5 40. Kc4
f5 41. Kb4 f4 42. Kxa4 fxg3 43. hxg3 Be3 44. Kb3 Bf2 45. Kc2 Bxg3 46. Kd1 h4
47. Ke2 h3 48. Kf1 Ke6 49. Kg1 Kd7 50. Bc5 Kc7 51. Be3 Kb7 52. Kh1 Ka6 53. Bg1
Kb5 54. Bh2 Bf4 55. Bxf4 exf4 56. Kh2 1-0

[Event "7. Festival Benidorm 2008 - Sub-2000"]
[Site "Benidorm ESP"]
[Date "2008.11.29"]
[Round "1.17"]
[White "Mataix Arbona, Cesar"]
[Black "Gimenez Blanco, Ricardo"]
[Result "1-0"]
[WhiteElo "1987"]
[BlackElo "1785"]
[PlyCount "67"]
[EventDate "2008.11.29"]
[EventRounds "9"]
[EventCountry "ESP"]
[Source "lmi"]
[SourceDate "2008.11.29"]

1. e4 e5 2. Nf3 Nc6 3. Bb5 Bc5 4. O-O d6 5. c3 Bd7 6. Re1 a6 7. Ba4 b5 8. Bb3
Na5 9. Bc2 Nf6 10. b4 Bxf2+ 11. Kxf2 Nb7 12. d4 Bg4 13. dxe5 dxe5 14. Qxd8+
Rxd8 15. Nxe5 O-O 16. Bg5 Be6 17. h3 h6 18. Bxf6 gxf6 19. Nc6 Rd7 20. a4 Bc4
21. axb5 Bxb5 22. Nd4 c5 23. Nxb5 axb5 24. Na3 cxb4 25. cxb4 Rd4 26. Rab1 Nd6
27. Ke3 Nc4+ 28. Kxd4 Nxa3 29. Rbc1 Rd8+ 30. Kc3 Rc8+ 31. Kb3 Nc4 32. Bd3 Nd2+
33. Kb2 Rb8 34. Red1 1-0

[Event "7. Festival Benidorm 2008 - Sub-2000"]
[Site "Benidorm ESP"]
[Date "2008.11.29"]
[Round "1.19"]
[White "De Anna, Franco"]
[Black "Diaz Begonte, Manuel"]
[Result "1-0"]
[WhiteElo "1948"]
[BlackElo "1781"]
[PlyCount "47"]
[EventDate "2008.11.29"]
[EventRounds "9"]
[EventCountry "ESP"]
[Source "lmi"]
[SourceDate "2008.11.29"]

1. d4 d5 2. c4 c6 3. cxd5 cxd5 4. Nc3 e6 5. Nf3 Nf6 6. Bg5 Be7 7. e3 Nbd7 8.
Bd3 a6 9. a4 b6 10. O-O O-O 11. Re1 Bb7 12. Qe2 h6 13. Bh4 Ne4 14. Bxe7 Qxe7
15. Bxe4 dxe4 16. Nd2 f5 17. Rac1 Rac8 18. Qd1 Kh8 19. Qb3 e5 20. Ne2 Rxc1 21.
Rxc1 exd4 22. Nxd4 Nc5 23. Qxb6 Rc8 24. Nxf5 1-0

[Event "7. Festival Benidorm 2008 - Sub-2000"]
[Site "Benidorm ESP"]
[Date "2008.11.29"]
[Round "1.21"]
[White "Beltran Garcia, Ruben"]
[Black "Bas Sanchez, Jose Joaquin"]
[Result "1-0"]
[WhiteElo "1984"]
[BlackElo "1774"]
[PlyCount "109"]
[EventDate "2008.11.29"]
[EventRounds "9"]
[EventCountry "ESP"]
[Source "lmi"]
[SourceDate "2008.11.29"]

1. c4 Nf6 2. Nc3 e5 3. Nf3 Nc6 4. g3 g6 5. d3 Bg7 6. Bg2 d6 7. Rb1 O-O 8. b4
Nd4 9. Nxd4 exd4 10. Nb5 d5 11. Bf4 Ne8 12. cxd5 a6 13. Na3 Rb8 14. b5 g5 15.
Bd2 b6 16. O-O Nd6 17. Qa4 Bd7 18. Bb4 axb5 19. Qc2 Rc8 20. Rfc1 Re8 21. Qd2 h6
22. Bxd6 cxd6 23. Rxc8 Qxc8 24. Nxb5 Bxb5 25. Rxb5 Qc3 26. Qd1 Ra8 27. Qb1 Qa3
28. Rxb6 Qxa2 29. Qxa2 Rxa2 30. Rxd6 Rxe2 31. Rd8+ Bf8 32. Be4 Kg7 33. d6 f5
34. d7 Be7 35. Re8 Kf6 36. Bd5 Re5 37. Bc4 f4 38. Kg2 f3+ 39. Kxf3 h5 40. d8=Q
g4+ 41. Kg2 Bxd8 42. Rxd8 Rc5 43. Rxd4 Ke5 44. Rd8 Kf6 45. h3 Ke7 46. Rg8 gxh3+
47. Kxh3 Kf6 48. f4 Ra5 49. Rb8 Kg6 50. Rb6+ Kg7 51. Rb5 Ra1 52. Rxh5 Kg6 53.
Re5 Kf6 54. Kg4 Ra8 55. Re6+ 1-0

[Event "7. Festival Benidorm 2008 - Sub-2000"]
[Site "Benidorm ESP"]
[Date "2008.11.29"]
[Round "1.23"]
[White "Sanchez Lopez, Diego"]
[Black "Sultan, Haifa"]
[Result "1-0"]
[WhiteElo "1983"]
[BlackElo "1765"]
[PlyCount "59"]
[EventDate "2008.11.29"]
[EventRounds "9"]
[EventCountry "ESP"]
[Source "lmi"]
[SourceDate "2008.11.29"]

1. d4 d5 2. Nf3 Nc6 3. Bf4 Nf6 4. h3 e6 5. c3 Bd6 6. Bg5 O-O 7. Nbd2 b6 8. e3
Bb7 9. Bd3 h6 10. Bxf6 Qxf6 11. e4 Qd8 12. e5 Be7 13. O-O Bg5 14. Nxg5 Qxg5 15.
f4 Qe7 16. Qh5 a5 17. Rf3 Ba6 18. Bxa6 Rxa6 19. Rg3 Kh7 20. Rf1 Rg8 21. f5 exf5
22. Qxf5+ g6 23. Qxf7+ Qxf7 24. Rxf7+ Rg7 25. Rgf3 Ne7 26. Rf8 b5 27. R3f6 c6
28. h4 h5 29. Nf3 Nf5 30. Ng5+ 1-0

[Event "7. Festival Benidorm 2008 - Sub-2000"]
[Site "Benidorm ESP"]
[Date "2008.11.29"]
[Round "1.24"]
[White "Borges Rebullida, Jordi"]
[Black "Cebolla Moll, Ricardo"]
[Result "0-1"]
[WhiteElo "1764"]
[BlackElo "1983"]
[PlyCount "54"]
[EventDate "2008.11.29"]
[EventRounds "9"]
[EventCountry "ESP"]
[Source "lmi"]
[SourceDate "2008.11.29"]

1. e4 d5 2. exd5 Qxd5 3. Nc3 Qd6 4. d4 Nf6 5. Nf3 Bg4 6. Be2 c6 7. Be3 e6 8.
Qd2 Qc7 9. h3 Bxf3 10. Bxf3 Nbd7 11. a3 h6 12. b4 Nb6 13. Qd3 Nbd5 14. Nxd5
cxd5 15. Qb5+ Nd7 16. O-O a6 17. Qd3 Bd6 18. Rfc1 Nb6 19. Be2 Nc4 20. c3 O-O
21. Ra2 Rfc8 22. Bd1 Qe7 23. Bc2 Qf6 24. Bb3 Qh4 25. Bc2 g6 26. Bd1 Nxe3 27.
Qxe3 Bf4 0-1

[Event "7. Festival Benidorm 2008 - Sub-2000"]
[Site "Benidorm ESP"]
[Date "2008.11.29"]
[Round "1.25"]
[White "Spanton, Tim R"]
[Black "Marquez Ortiz De Zarate, Alberto"]
[Result "0-1"]
[WhiteElo "1982"]
[BlackElo "1755"]
[PlyCount "74"]
[EventDate "2008.11.29"]
[EventRounds "9"]
[EventCountry "ESP"]
[Source "lmi"]
[SourceDate "2008.11.29"]

1. e4 c5 2. Nf3 d6 3. Bb5+ Bd7 4. Bxd7+ Qxd7 5. c4 Nf6 6. Nc3 Nc6 7. d4 cxd4 8.
Nxd4 g6 9. Nde2 Bg7 10. f3 O-O 11. O-O Rac8 12. b3 Rfd8 13. Bg5 a6 14. Rc1 Ne5
15. Bxf6 exf6 16. Nd5 b5 17. cxb5 axb5 18. Kh1 Rxc1 19. Qxc1 Qb7 20. Qc2 f5 21.
Rc1 Nd7 22. Qc7 Qxc7 23. Rxc7 fxe4 24. fxe4 Nc5 25. Nec3 b4 26. Ne7+ Kf8 27.
Ncd5 Re8 28. Rc8 Nxe4 29. Rxe8+ Kxe8 30. Nc6 Kd7 31. Ndxb4 d5 32. Kg1 d4 33.
Kf1 d3 34. Nxd3 Kxc6 35. Ke1 Kd5 36. a3 Kd4 37. Ke2 Nc3+ 0-1

[Event "7. Festival Benidorm 2008 - Sub-2000"]
[Site "Benidorm ESP"]
[Date "2008.11.29"]
[Round "1.26"]
[White "Sanchez Dengra, Jose Maria"]
[Black "Hall, Rachid"]
[Result "0-1"]
[WhiteElo "1755"]
[BlackElo "1981"]
[PlyCount "104"]
[EventDate "2008.11.29"]
[EventRounds "9"]
[EventCountry "ESP"]
[Source "lmi"]
[SourceDate "2008.11.29"]

1. e4 c5 2. Nf3 Nc6 3. Nc3 d6 4. d4 cxd4 5. Nxd4 Nf6 6. Bg5 Qb6 7. Nb3 Ng4 8.
Qd2 Be6 9. h3 Nge5 10. Nd5 Qd8 11. Bb5 a6 12. Be2 f6 13. Be3 Nd7 14. Bh5+ Bf7
15. Bxf7+ Kxf7 16. Nf4 e6 17. O-O-O Nde5 18. Qe2 Qc7 19. Nd4 Nd8 20. g4 Rc8 21.
g5 fxg5 22. Qh5+ g6 23. Nxg6 hxg6 24. Qxh8 Bg7 25. Qh7 Nf3 26. c3 Nxd4 27. Bxd4
e5 28. Be3 Ne6 29. Rd3 Nf8 30. Qxg7+ Kxg7 31. Bxg5 Ne6 32. Be3 Nc5 33. Bxc5
Qxc5 34. Rhd1 Rc6 35. R1d2 Kf7 36. Rf3+ Ke6 37. Rg3 Kf6 38. Rf3+ Kg5 39. Rg3+
Kh5 40. h4 Qc4 41. b3 Qxe4 42. Re3 Qf4 43. Rh3 d5 44. Kc2 d4 45. c4 Qf5+ 46.
Rhd3 b5 47. Kb2 bxc4 48. bxc4 Rxc4 49. Rg3 Rb4+ 50. Ka3 Rb5 51. Rg5+ Qxg5 52.
hxg5 Kxg5 0-1

[Event "7. Festival Benidorm 2008 - Sub-2000"]
[Site "Benidorm ESP"]
[Date "2008.11.29"]
[Round "1.27"]
[White "Aledo Lopez, Angel"]
[Black "De Esteban De Esteban, Valentin"]
[Result "1-0"]
[WhiteElo "1979"]
[BlackElo "1744"]
[PlyCount "89"]
[EventDate "2008.11.29"]
[EventRounds "9"]
[EventCountry "ESP"]
[Source "lmi"]
[SourceDate "2008.11.29"]

1. e4 e5 2. Nf3 d6 3. d4 exd4 4. Nxd4 Be7 5. Nc3 Nf6 6. Bd3 a6 7. a4 Bd7 8. O-O
O-O 9. Nd5 Nc6 10. Nxc6 Bxc6 11. c4 Qd7 12. a5 Bxd5 13. exd5 Rfe8 14. Qc2 g6
15. f4 Bf8 16. f5 Bg7 17. Bg5 Rf8 18. Kh1 Ng4 19. f6 Bh8 20. h3 Ne5 21. Rf4
Rae8 22. Bh6 Qd8 23. Bxf8 Kxf8 24. Raf1 Nd7 25. Qf2 Re5 26. b4 Rg5 27. Be2 h6
28. Qh4 Kg8 29. Qxh6 Re5 30. Bd1 Bxf6 31. Rxf6 Nxf6 32. Bc2 Ne4 33. Kh2 Qe7 34.
Bxe4 Rxe4 35. Qc1 Qh4 36. c5 Rxb4 37. cxd6 cxd6 38. Qc8+ Kg7 39. Qd7 Qh8 40.
Rxf7+ Kh6 41. Qxd6 Rb5 42. Qf4+ g5 43. Rf6+ Kh7 44. Qf5+ Kg7 45. Qg6# 1-0

[Event "7. Festival Benidorm 2008 - Sub-2000"]
[Site "Benidorm ESP"]
[Date "2008.11.29"]
[Round "1.28"]
[White "Farwagi, Fouad-pierre"]
[Black "Zotes Flecha, Luis"]
[Result "0-1"]
[WhiteElo "1744"]
[BlackElo "1979"]
[PlyCount "128"]
[EventDate "2008.11.29"]
[EventRounds "9"]
[EventCountry "ESP"]
[Source "lmi"]
[SourceDate "2008.11.29"]

1. e4 d6 2. d4 g6 3. Nc3 Bg7 4. f4 Nf6 5. Nf3 c6 6. Bd3 O-O 7. Be3 Nbd7 8. e5
Ng4 9. Bg1 dxe5 10. fxe5 Nb6 11. h3 Nh6 12. g4 Nd5 13. Qd2 b5 14. O-O-O a5 15.
Kb1 a4 16. Nxd5 Qxd5 17. Rf1 Be6 18. b3 axb3 19. cxb3 f6 20. Be3 Nf7 21. exf6
Bxf6 22. g5 Bg7 23. h4 Nd6 24. Qg2 Nf5 25. Qf2 Rad8 26. Qg1 Nxd4 27. Nxd4 Rxf1+
28. Qxf1 Bxd4 29. Bd2 Bg7 30. Kc2 Bf5 31. Rh3 Bxh3 32. Qxh3 e5 33. Qe3 Qd4 34.
Be4 c5 35. Qxd4 exd4 36. Kd3 Rd6 37. a4 bxa4 38. bxa4 Bf8 39. a5 Kf7 40. Bb7
c4+ 41. Kxc4 Rd7 42. a6 Rc7+ 43. Kxd4 Bc5+ 44. Kd5 Bf2 45. Bf4 Rc5+ 46. Kd6 Ra5
47. Kc6 Ke6 48. Bc8+ Ke7 49. Bc7 Rc5+ 50. Kb7 Rb5+ 51. Kc6 Rb1 52. Bd6+ Kd8 53.
Be6 Rb6+ 54. Kd5 Rxa6 55. Bg8 Ra7 56. Be5 Bxh4 57. Bf6+ Ke8 58. Be6 Ra5+ 59.
Kc6 h6 60. Bc3 Ra6+ 61. Kd5 Bxg5 62. Ke5 Ra3 63. Bb4 Re3+ 64. Kd6 Be7+ 0-1

[Event "7. Festival Benidorm 2008 - Sub-2000"]
[Site "Benidorm ESP"]
[Date "2008.11.29"]
[Round "1.29"]
[White "Fardbehbahani, B."]
[Black "Aleman Alamo, Nicolas"]
[Result "0-1"]
[WhiteElo "1979"]
[BlackElo "1742"]
[PlyCount "78"]
[EventDate "2008.11.29"]
[EventRounds "9"]
[EventCountry "ESP"]
[Source "lmi"]
[SourceDate "2008.11.29"]

1. Nf3 f5 2. c4 Nf6 3. Nc3 e6 4. d4 Be7 5. e3 O-O 6. Bd3 d5 7. Qc2 Na6 8. a3 c5
9. O-O Ne4 10. Ne5 Nc7 11. Ne2 cxd4 12. Nxd4 Bd6 13. Ndf3 Qf6 14. cxd5 exd5 15.
Nc4 dxc4 16. Bxc4+ Be6 17. Bd3 Bd5 18. Nd4 Ne6 19. Bxe4 fxe4 20. Ne2 Qe5 21.
Ng3 Rac8 22. Qd2 Nc5 23. Qd4 Qxd4 24. exd4 Nb3 25. Rb1 Bxg3 26. hxg3 Bc4 27.
Be3 Bxf1 28. Kxf1 Rc2 29. Ke1 b6 30. Kd1 Rcxf2 31. Bxf2 Rxf2 32. Ke1 Rxg2 33.
Kf1 Rd2 34. Re1 Rxd4 35. Re3 Nc5 36. b4 Nd3 37. Kg2 Kf7 38. Re2 Kf6 39. Rc2
Ne1+ 0-1

[Event "7. Festival Benidorm 2008 - Sub-2000"]
[Site "Benidorm ESP"]
[Date "2008.11.29"]
[Round "1.32"]
[White "Del Amo Delgado, Pedro"]
[Black "Tirado Parra, Alberto"]
[Result "0-1"]
[WhiteElo "1733"]
[BlackElo "1974"]
[PlyCount "68"]
[EventDate "2008.11.29"]
[EventRounds "9"]
[EventCountry "ESP"]
[Source "lmi"]
[SourceDate "2008.11.29"]

1. c4 e5 2. Nc3 Nf6 3. g3 c6 4. Bg2 d5 5. b3 d4 6. Ne4 Nxe4 7. Bxe4 Nd7 8. d3
Bb4+ 9. Bd2 Qe7 10. Bxb4 Qxb4+ 11. Qd2 a5 12. Qxb4 axb4 13. Kd2 O-O 14. e3
dxe3+ 15. fxe3 Nc5 16. Kc2 Rd8 17. Nf3 f5 18. Bxc6 bxc6 19. Nxe5 Rd6 20. d4 Ne4
21. Rhf1 Rh6 22. Rh1 Nf2 23. Kb2 Nxh1 24. Rxh1 Bb7 25. Nd3 c5 26. d5 Rha6 27.
Ra1 Rh6 28. Rh1 Rd6 29. Nxc5 Bxd5 30. Rd1 Rad8 31. cxd5 Rxd5 32. Rc1 Rd2+ 33.
Rc2 Rxc2+ 34. Kxc2 Rc8 0-1

[Event "7. Festival Benidorm 2008 - Sub-2000"]
[Site "Benidorm ESP"]
[Date "2008.11.29"]
[Round "1.33"]
[White "Griezne, Edvins"]
[Black "Lopez Diaz, Rafael"]
[Result "1-0"]
[WhiteElo "1972"]
[BlackElo "1726"]
[PlyCount "63"]
[EventDate "2008.11.29"]
[EventRounds "9"]
[EventCountry "ESP"]
[Source "lmi"]
[SourceDate "2008.11.29"]

1. d4 d5 2. Nf3 Nf6 3. c4 c5 4. cxd5 cxd4 5. Qxd4 Qxd5 6. Nc3 Qxd4 7. Nxd4 Bd7
8. Ncb5 Na6 9. Bf4 Rc8 10. a3 e5 11. Bxe5 Bxb5 12. Nxb5 Rc5 13. Bxf6 gxf6 14.
e3 Nc7 15. Nxc7+ Rxc7 16. Bd3 Bg7 17. Ke2 f5 18. Rab1 Ke7 19. g3 Ke6 20. Rhd1
Rhc8 21. Rd2 a6 22. a4 h5 23. h4 Bf8 24. b3 Bb4 25. Ra2 Rc5 26. Rd1 Rc3 27.
Bc4+ Ke7 28. Rad2 Rc7 29. Rd5 Rc2+ 30. Kf1 b5 31. axb5 axb5 32. Bxb5 1-0

[Event "7. Festival Benidorm 2008 - Sub-2000"]
[Site "Benidorm ESP"]
[Date "2008.11.29"]
[Round "1.63"]
[White "Wlogalsky, Olivier"]
[Black "Laurentiu, Burlacu"]
[Result "1-0"]
[WhiteElo "1938"]
[BlackElo "1980"]
[PlyCount "95"]
[EventDate "2008.11.29"]
[EventRounds "9"]
[EventCountry "ESP"]
[Source "lmi"]
[SourceDate "2008.11.29"]

1. b3 e5 2. Bb2 Nc6 3. e3 d5 4. Bb5 Bd6 5. c4 dxc4 6. f4 Qe7 7. Nf3 Bg4 8. fxe5
Bc5 9. bxc4 O-O-O 10. Bxc6 bxc6 11. d4 Bb4+ 12. Nc3 c5 13. O-O Nf6 14. Qa4 cxd4
15. exd4 c5 16. Nb5 Ne4 17. Nxa7+ Kb7 18. Nc6 Qe8 19. Nxd8+ Qxd8 20. a3 Ba5 21.
Rab1 Ka7 22. Qc6 Qa8 23. Qb5 Qd8 24. Bc3 Bb6 25. Ba5 Nc3 26. Bxb6+ Kb7 27.
Bxd8+ Nxb5 28. Rxb5+ Ka6 29. Bb6 cxd4 30. Nxd4 Bh5 31. e6 fxe6 32. Rxh5 Kxb6
33. Nxe6 g6 34. Re5 Ra8 35. Rf3 h5 36. Nd4 Rc8 37. Rf6+ Kb7 38. Re7+ Rc7 39.
Rxc7+ Kxc7 40. Rxg6 h4 41. c5 h3 42. c6 hxg2 43. Nb5+ Kb6 44. c7+ Kb7 45. Rg8
Kb6 46. c8=Q Ka5 47. Qb7 Ka4 48. Nd6 1-0

[Event "7. Festival Benidorm 2008 - Sub-2000"]
[Site "Benidorm ESP"]
[Date "2008.11.30"]
[Round "2.1"]
[White "Alonso Igual, Ignacio"]
[Black "Martinez Rubi, Alberto"]
[Result "0-1"]
[WhiteElo "1901"]
[BlackElo "1999"]
[PlyCount "93"]
[EventDate "2008.11.29"]
[EventRounds "9"]
[EventCountry "ESP"]
[Source "lmi"]
[SourceDate "2008.11.29"]

1. e4 e6 2. d4 d5 3. Nd2 Nf6 4. e5 Nfd7 5. c3 c5 6. Bd3 Nc6 7. Ne2 Qb6 8. Nf3
cxd4 9. cxd4 f6 10. exf6 Nxf6 11. O-O Bd6 12. Bf4 Bxf4 13. Nxf4 O-O 14. Re1
Qxb2 15. Re2 Qa3 16. Nxe6 Bxe6 17. Rxe6 Nb4 18. Bf5 g6 19. Re3 Qa5 20. Be6+ Kg7
21. Ng5 h6 22. Nh3 Ne4 23. f3 Nd6 24. Rb1 Na6 25. g3 Rf6 26. Nf4 Nc7 27. Bh3
Raf8 28. Rc1 Nc4 29. Re7+ R8f7 30. Rxf7+ Kxf7 31. Qc2 Qb6 32. Qd3 Qd6 33. Kf2
Rxf4 34. gxf4 Qxf4 35. Rxc4 Qxh2+ 36. Ke1 Qg3+ 37. Kd2 dxc4 38. Qxc4+ Kf6 39.
Bf1 Qf4+ 40. Kc2 Ne6 41. d5 Qxc4+ 42. Bxc4 Nd4+ 43. Kc3 Nxf3 44. d6 Ne5 45. Bd5
Nf7 46. d7 Nd8 47. Be4 0-1

[Event "7. Festival Benidorm 2008 - Sub-2000"]
[Site "Benidorm ESP"]
[Date "2008.11.30"]
[Round "2.2"]
[White "Frey, Armin"]
[Black "Maseda Iglesias, Luis"]
[Result "0-1"]
[WhiteElo "1999"]
[BlackElo "1896"]
[PlyCount "112"]
[EventDate "2008.11.29"]
[EventRounds "9"]
[EventCountry "ESP"]
[Source "lmi"]
[SourceDate "2008.11.29"]

1. f4 d5 2. e3 g6 3. Nf3 Bg7 4. Be2 c5 5. d4 Nc6 6. c3 Nf6 7. O-O O-O 8. Ne5
Ne4 9. Nd2 Nxd2 10. Bxd2 Nxe5 11. fxe5 Bf5 12. Bf3 Qd7 13. Be1 h5 14. dxc5 Bxe5
15. Qxd5 Qc7 16. b4 Bxh2+ 17. Kh1 Rab8 18. Qc4 Be5 19. Rd1 Rbd8 20. Qh4 Bf6 21.
Qf2 Rxd1 22. Bxd1 Bd3 23. Rg1 Be5 24. Be2 Qd7 25. Rf1 Bxe2 26. Qxe2 Qd5 27. c4
Qe4 28. a4 h4 29. Qf3 Qxc4 30. e4 Bf6 31. Bd2 Rd8 32. Rc1 Qd3 33. Be3 Qb3 34.
b5 Rd3 35. c6 bxc6 36. bxc6 Be5 37. c7 Bxc7 38. Rxc7 Rxe3 39. Qf4 Qb1+ 40. Kh2
Qxe4 41. Qxe4 Rxe4 42. Rxa7 e5 43. a5 Ra4 44. a6 Kg7 45. Kh3 Kf6 46. Ra8 Kf5
47. a7 f6 48. Rh8 Rxa7 49. Rxh4 Ra3+ 50. g3 e4 51. Rf4+ Ke5 52. Rf2 f5 53. Kh4
Rf3 54. Re2 e3 55. g4 Kf4 56. g5 Rf2 0-1

[Event "7. Festival Benidorm 2008 - Sub-2000"]
[Site "Benidorm ESP"]
[Date "2008.11.30"]
[Round "2.3"]
[White "Vazquez Rodriguez, Jorge"]
[Black "Rihouey, Franck"]
[Result "1-0"]
[WhiteElo "1998"]
[BlackElo "1890"]
[PlyCount "49"]
[EventDate "2008.11.29"]
[EventRounds "9"]
[EventCountry "ESP"]
[Source "lmi"]
[SourceDate "2008.11.29"]

1. e4 d5 2. exd5 Qxd5 3. Nc3 Qd6 4. g3 Nf6 5. Bg2 Nc6 6. Nge2 Bf5 7. d3 O-O-O
8. Be3 a6 9. Qd2 g6 10. a3 e5 11. b4 Nd4 12. O-O Qe6 13. Rfe1 Nxe2+ 14. Rxe2
Bh3 15. Bh1 Qd7 16. Bg5 Be7 17. Ne4 Qf5 18. Bxf6 Bxf6 19. b5 axb5 20. Qa5 c6
21. Nc5 Kb8 22. Na6+ Ka7 23. Nb4+ Kb8 24. Nxc6+ bxc6 25. Qb6+ 1-0